LEADER 00752nam0-22002771i-450- 001 990006860100403321 005 20130318162031.0 035 $a000686010 035 $aFED01000686010 035 $a(Aleph)000686010FED01 035 $a000686010 100 $a20010426d--------km-y0itay50------ba 101 0 $aita 105 $ay-------001yy 200 1 $a<>labour aristocracy$e1851-1914$fTrevor Lummis. 210 $aAldershot$cScolar Press$d1994. 215 $aXII, 196 p.$d24 cm 676 $a305.5620942 700 1$aLummis,$bTrevor$0253447 801 0$aIT$bUNINA$gRICA$2UNIMARC 901 $aBK 912 $a990006860100403321 952 $aXI A 1851$b31906$fFSPBC 959 $aFSPBC 996 $aLabour aristocracy$9624447 997 $aUNINA LEADER 02571nam 2200553 a 450 001 9910785732703321 005 20230803024715.0 010 $a1-283-75448-7 010 $a0-85700-618-5 035 $a(CKB)2670000000261651 035 $a(EBL)1037299 035 $a(OCoLC)813005459 035 $a(SSID)ssj0000757333 035 $a(PQKBManifestationID)12265493 035 $a(PQKBTitleCode)TC0000757333 035 $a(PQKBWorkID)10758329 035 $a(PQKB)10090004 035 $a(MiAaPQ)EBC1037299 035 $a(EXLCZ)992670000000261651 100 $a20120906d2013 uy 0 101 0 $aeng 135 $aur|n|---||||| 181 $ctxt 182 $cc 183 $acr 200 10$aWorking with drug and alcohol users$b[electronic resource] $ea guide to providing understanding, assessment and support /$fTony White 210 $aPhiladelphia $cJessica Kingsley Publishers$d2013 215 $a1 online resource (226 p.) 300 $aDescription based upon print version of record. 311 $a1-84905-294-8 320 $aIncludes bibliographical references and index. 327 $aAcknowledgements -- Introduction -- Foundations of drug and alcohol counseling -- Drugs in society and addiction -- Fundamental components of drug counseling -- Transactional analysis and the theory of addiction -- Why people use drugs and their treatment -- Specific techniques in counseling the drug and alcohol user -- The harm reduction contract and harm reduction counseling -- Assessment of the drug and alcohol user -- Drug use ambivalence -- Relapse process work -- Motivational interviewing -- The teenage drug user -- Epilogue -- References -- Further reading -- Index. 330 $aAn accessible guide to providing effective support to substance users. The book uses transactional analysis to provide models for understanding substance use, assessing clients, intervention and treatment. Counseling techniques such as motivational interviewing and relapse process work are included, and case studies feature throughout. 606 $aCounseling psychology 606 $aDrug abuse counseling 606 $aAlcoholism counseling 615 0$aCounseling psychology. 615 0$aDrug abuse counseling. 615 0$aAlcoholism counseling. 676 $a362.29 676 $a362.29186 700 $aWhite$b Tony$f1957-$01475999 801 0$bMiAaPQ 801 1$bMiAaPQ 801 2$bMiAaPQ 906 $aBOOK 912 $a9910785732703321 996 $aWorking with drug and alcohol users$93690407 997 $aUNINA LEADER 01547nas 2200481-a 450 001 996210882503316 005 20240413021223.0 035 $a(CKB)954928573689 035 $a(CONSER)---85644805- 035 $a(EXLCZ)99954928573689 100 $a20751101b19341977 --- a 101 0 $aeng 181 $ctxt$2rdacontent 182 $cc$2rdamedia 183 $acr$2rdacarrier 200 00$aProceedings of the Indian Academy of Sciences$hSection B 210 $aBangalore City $cIndian Academy of Sciences$d1935-[1977] 215 $a1 online resource 300 $aPublished: Hebbal, Bangalore, <-1977>. 311 $aPrint version: Proceedings of the Indian Academy of Sciences. (DLC) 85644805 (DLC)sn 79001625 (OCoLC)1752819 0370-0097 531 $aPROCEEDINGS. B 531 $aPROCEEDINGS 531 $aPROCEEDINGS OF THE INDIAN ACADEMY OF SCIENCES SECTION B 531 $aProc. Indian Acad. Sci., Sect. B Biol. Sci 606 $aBotany$vPeriodicals 606 $aZoology$vPeriodicals 606 $aBotany$2fast$3(OCoLC)fst00836869 606 $aZoology$2fast$3(OCoLC)fst01184696 606 $aScience 608 $aPeriodicals.$2fast 608 $aPeriodical. 615 0$aBotany 615 0$aZoology 615 7$aBotany. 615 7$aZoology. 615 2$aScience. 676 $a580/.5 712 02$aIndian Academy of Sciences. 906 $aJOURNAL 912 $a996210882503316 920 $aexl_impl conversion 996 $aProceedings of the Indian Academy of Sciences$92187563 997 $aUNISA